L' enseignement de concepts informatiques á travers une utilisation didactique de l'ordinateur et des nouvelles technologies
में बचाया:
| मुख्य लेखक: | |
|---|---|
| स्वरूप: | पुस्तक |
| भाषा: | फ़्रेंच |
| प्रकाशित: |
Neuchatel
Institut Romand de Recherches et de Documentation Pedagogiques
1992
|
| श्रृंखला: | Collection Recherches
|
| विषय: | |
| टैग: |
टैग जोड़ें
कोई टैग नहीं, इस रिकॉर्ड को टैग करने वाले पहले व्यक्ति बनें!
|
MARC
| LEADER | 00000nam a2200000 a 4500 | ||
|---|---|---|---|
| 001 | UCT0438 | ||
| 003 | CL-VaPUC | ||
| 008 | 960830e19920000SZ |||||||||||||||||fre|d | ||
| 082 | 0 | 4 | |a 005.07 |b POC |2 21 |
| 100 | 0 | |a Pochon, Luc Oliver |e author |9 369115 | |
| 245 | 1 | 3 | |a L' enseignement de concepts informatiques á travers une utilisation didactique de l'ordinateur et des nouvelles technologies |
| 300 | |a 13 p | ||
| 942 | |c BK | ||
| 945 | |d 19960830 00:00:00 |a rbrito | ||
| 260 | |a Neuchatel |b Institut Romand de Recherches et de Documentation Pedagogiques |c 1992 | ||
| 650 | 0 | |a Métodos de enseñanza |9 270413 | |
| 650 | 7 | |a ENSEÑANZA PROGRAMADA |2 CL-VaPUC |9 263217 | |
| 650 | 7 | |a ENSEÑANZA CON AYUDA DE COMPUTADORES |2 CL-VaPUC |9 262450 | |
| 650 | 0 | |a Educación tecnológica |9 307597 | |
| 650 | 0 | |a Análisis de sistemas |9 260059 | |
| 583 | |a last modification |c 20170823 10:56:41 |k Rodrigo Vera | ||
| 490 | 0 | |a Collection Recherches | |
| 999 | |c 251431 |d 251429 | ||